Wittgenstein para principiantes
Uloženo v:
| Hlavní autor: | |
|---|---|
| Médium: | Kniha |
| Jazyk: | Undetermined |
| Vydáno: |
Buenos Aires, Argentina
Era Naciente
1995
|
| Témata: | |
| Tagy: |
Přidat tag
Žádné tagy, Buďte první, kdo vytvoří štítek k tomuto záznamu!
|
MARC
| LEADER | 00000nam a2200000Ia 4500 | ||
|---|---|---|---|
| 008 | 170316s9999 xx 000 0 und d | ||
| 040 | |a cru BVZT | ||
| 090 | |a 100 H-10.1w | ||
| 100 | |a Heaton, John; Groves, Judy |9 1587 | ||
| 245 | |a Wittgenstein para principiantes | ||
| 260 | |a Buenos Aires, Argentina | ||
| 260 | |b Era Naciente | ||
| 260 | |c 1995 | ||
| 300 | |a 176 páginas | ||
| 650 | |a FILOSOFÍA |9 5 | ||
| 650 | |a WITTGENSTEIN |9 1086 | ||
| 650 | |a LÓGICA |9 121 | ||
| 999 | |c 16404 |d 16404 | ||
| 942 | |c 4 D |h 100 H-10.1w |2 z | ||
